Mapa de los climas de España - Estadísticas

Estadísticas generales
  • Esta prueba ha sido intentada 481 veces
  • La puntuación promedio es 5 de 6
Respuestas en el mapa
Las respuestas están codificadas por una escala verde-roja en el mapa de la prueba según el % correcto abajo.
 
Estadísticas de respuestas
Respuesta % Correcto
Atlántico
86%
Mediterráneo
82%
Tropical
82%
De montaña.
78%
Mediterráneo continental
68%
Semiárido
60%
No se encontraron pruebas coincidentes
Distribución de puntuación
Porcentaje de gente con cada puntuación
Porcentaje por número respondido
Historial de tus puntuaciones
No has intentado esta prueba.